Catálogo
 En Linea
Vista normal Vista MARC

Entrada Nombre personal

Número de registros utilizados en: 1

001 - NÚMERO DE CONTROL

  • campo de control: 89873

003 - IDENTIFICADOR DEL NÚMERO DE CONTROL

  • campo de control: DO-SdBNP

005 - FECHA Y HORA DE LA ÚLTIMA TRANSACCIÓN

  • campo de control: 20260605000014.0

008 - DATOS DE LONGITUD FIJA

  • campo de control de longitud fija: 260605|| aza||aabn | a|a d

040 ## - FUENTE DE LA CATALOGACIÓN

  • Centro catalogador/agencia de origen: DO-SdBNP
  • Centro/agencia transcriptor: DO-SdBNP

100 ## - ENCABEZAMIENTO-NOMBRE DE PERSONA

  • Nombre de persona: Gómez, Máximo.
  • Fechas asociadas al nombre: 1836-1905
  • Subdivisión de forma: Biografía
  • Subdivisión general: Pensamiento político y social

670 ## - FUENTE DE DATOS ENCONTRADOS

  • Cita de la fuente: Work cat.: (DO-SdBNP)37767: Coiscou Weber, Rodolfo, autor aut. 19739, Del pensamiento de Máximo Gómez /

Con tecnología Koha